[Event "European Women's Chess Club Cup 2023"]
[Site "Durres, Albania"]
[Date "2023.10.07"]
[Round "7.4"]
[White "Caku, Kler"]
[Black "Toma, Katarzyna"]
[Result "0-1"]
[TimeControl "90' + 30' & 30\""]
[WhiteElo "1697"]
[BlackElo "2224"]

1. e4 {[%clk 01:30:57]} {[%emt 00:00:02]} c5 {[%clk 01:30:55]} {[%emt
00:00:05]} 2. Nf3 {[%clk 01:31:23]} {[%emt 00:00:06]} d6 {[%clk 01:31:20]}
{[%emt 00:00:05]} 3. Bb5+ {[%clk 01:31:47]} {[%emt 00:00:06]} Nd7 {[%clk
01:31:34]} {[%emt 00:00:15]} 4. O-O {[%clk 01:31:43]} {[%emt 00:00:35]} a6
{[%clk 01:30:35]} {[%emt 00:01:28]} 5. Bxd7+ {[%clk 01:31:35]} {[%emt
00:00:38]} Bxd7 {[%clk 01:30:58]} {[%emt 00:00:07]} 6. c3 {[%clk 01:31:08]}
{[%emt 00:00:57]} Nf6 {[%clk 01:29:58]} {[%emt 00:01:31]} 7. Re1 {[%clk
01:31:06]} {[%emt 00:00:32]} Bc6 {[%clk 01:20:06]} {[%emt 00:10:22]} 8. d3
{[%clk 01:29:02]} {[%emt 00:02:33]} e6 {[%clk 01:18:52]} {[%emt 00:01:44]} 9.
Nbd2 {[%clk 01:26:34]} {[%emt 00:02:58]} Be7 {[%clk 01:17:44]} {[%emt
00:01:37]} 10. Nf1 {[%clk 01:26:33]} {[%emt 00:00:30]} O-O {[%clk 01:11:25]}
{[%emt 00:06:49]} 11. Ng3 {[%clk 01:26:15]} {[%emt 00:00:48]} Rc8 {[%clk
01:04:47]} {[%emt 00:07:09]} 12. Bf4 {[%clk 01:21:10]} {[%emt 00:05:35]} b5
{[%clk 01:01:36]} {[%emt 00:03:42]} 13. h3 {[%clk 01:17:39]} {[%emt 00:04:00]}
Bb7 {[%clk 01:00:17]} {[%emt 00:01:49]} 14. Qd2 {[%clk 01:16:27]} {[%emt
00:01:41]} Qd7 {[%clk 00:58:23]} {[%emt 00:02:25]} 15. Rad1 {[%clk 01:13:23]}
{[%emt 00:03:33]} Rfd8 {[%clk 00:54:37]} {[%emt 00:04:17]} 16. Qe2 {[%clk
01:09:04]} {[%emt 00:04:49]} Qc6 {[%clk 00:52:02]} {[%emt 00:03:05]} 17. Nh2
{[%clk 01:07:43]} {[%emt 00:01:50]} d5 {[%clk 00:43:07]} {[%emt 00:09:26]} 18.
Ng4 {[%clk 01:04:21]} {[%emt 00:03:52]} dxe4 {[%clk 00:41:44]} {[%emt
00:01:53]} 19. dxe4 {[%clk 00:56:36]} {[%emt 00:08:15]} Rxd1 {[%clk 00:21:23]}
{[%emt 00:20:50]} 20. Nxf6+ {[%clk 00:55:14]} {[%emt 00:01:53]} Bxf6 {[%clk
00:21:48]} {[%emt 00:00:05]} 21. Rxd1 {[%clk 00:55:17]} {[%emt 00:00:28]} Rd8
{[%clk 00:20:25]} {[%emt 00:01:53]} 22. Re1 {[%clk 00:48:21]} {[%emt 00:07:26]}
g6 {[%clk 00:19:52]} {[%emt 00:01:04]} 23. Qg4 {[%clk 00:47:51]} {[%emt
00:00:59]} Bg7 {[%clk 00:19:40]} {[%emt 00:00:42]} 24. h4 {[%clk 00:46:37]}
{[%emt 00:01:44]} e5 {[%clk 00:19:08]} {[%emt 00:01:01]} 25. Bg5 {[%clk
00:46:01]} {[%emt 00:01:07]} f6 {[%clk 00:19:24]} {[%emt 00:00:15]} 26. Bc1
{[%clk 00:42:52]} {[%emt 00:03:38]} f5 {[%clk 00:17:47]} {[%emt 00:02:08]} 27.
Qe2 {[%clk 00:37:38]} {[%emt 00:05:43]} f4 {[%clk 00:17:45]} {[%emt 00:00:32]}
28. Nf1 {[%clk 00:35:29]} {[%emt 00:02:38]} c4 {[%clk 00:16:28]} {[%emt
00:01:48]} 29. g3 {[%clk 00:27:12]} {[%emt 00:08:47]} Qf6 {[%clk 00:13:24]}
{[%emt 00:03:34]} 30. Nh2 {[%clk 00:25:44]} {[%emt 00:01:58]} Rd3 {[%clk
00:11:52]} {[%emt 00:02:02]} 31. Ng4 {[%clk 00:24:59]} {[%emt 00:01:15]} Qe7
{[%clk 00:10:43]} {[%emt 00:01:39]} 32. f3 {[%clk 00:23:14]} {[%emt 00:02:15]}
fxg3 {[%clk 00:08:58]} {[%emt 00:02:15]} 33. Bg5 {[%clk 00:21:55]} {[%emt
00:01:49]} Qc5+ {[%clk 00:08:41]} {[%emt 00:00:47]} 34. Kg2 {[%clk 00:20:50]}
{[%emt 00:01:36]} h5 {[%clk 00:08:56]} {[%emt 00:00:15]} 35. Ne3 {[%clk
00:17:16]} {[%emt 00:04:03]} Qd6 {[%clk 00:09:04]} {[%emt 00:00:21]} 36. Nf1
{[%clk 00:17:31]} {[%emt 00:00:16]} Qd7 {[%clk 00:07:45]} {[%emt 00:01:49]} 37.
Nxg3 {[%clk 00:15:58]} {[%emt 00:02:02]} Bc8 {[%clk 00:07:56]} {[%emt
00:00:20]} 38. Kf2 {[%clk 00:15:37]} {[%emt 00:00:51]} Bf8 {[%clk 00:07:44]}
{[%emt 00:00:42]} 39. Be3 {[%clk 00:15:19]} {[%emt 00:00:49]} Bc5 {[%clk
00:07:37]} {[%emt 00:00:36]} 40. Bxc5 {[%clk 00:11:13]} {[%emt 00:04:35]} Rd2
{[%clk 00:08:03]} {[%emt 00:00:05]} 41. Qxd2 {[%clk 00:10:09]} {[%emt
00:01:34]} Qxd2+ {[%clk 00:08:27]} {[%emt 00:00:06]} 42. Re2 {[%clk 00:10:13]}
{[%emt 00:00:26]} Qd8 {[%clk 00:08:38]} {[%emt 00:00:18]} 43. Re1 {[%clk
00:07:01]} {[%emt 00:03:42]} Qxh4 {[%clk 00:07:13]} {[%emt 00:01:56]} 44. Rh1
{[%clk 00:07:03]} {[%emt 00:00:27]} Qd8 {[%clk 00:07:14]} {[%emt 00:00:30]} 45.
Be3 {[%clk 00:07:08]} {[%emt 00:00:25]} h4 {[%clk 00:30:16]} {[%emt 00:07:28]}
46. Ne2 {[%clk 00:36:52]} {[%emt 00:00:45]} h3 {[%clk 00:26:24]} {[%emt
00:04:23]} 47. Rh2 {[%clk 00:31:10]} {[%emt 00:06:13]} Qd1 {[%clk 00:21:39]}
{[%emt 00:05:14]} 48. a3 {[%clk 00:26:50]} {[%emt 00:04:50]} Qc2 {[%clk
00:18:52]} {[%emt 00:03:16]} 49. Bc1 {[%clk 00:26:50]} {[%emt 00:00:31]} a5
{[%clk 00:18:40]} {[%emt 00:00:43]} 50. Rh1 {[%clk 00:25:26]} {[%emt 00:01:54]}
b4 {[%clk 00:18:44]} {[%emt 00:00:25]} 51. axb4 {[%clk 00:25:35]} {[%emt
00:00:21]} axb4 {[%clk 00:19:10]} {[%emt 00:00:04]} 52. Rh2 {[%clk 00:24:03]}
{[%emt 00:02:03]} Kf7 {[%clk 00:15:49]} {[%emt 00:03:49]} 53. Rh1 {[%clk
00:23:53]} {[%emt 00:00:41]} Bd7 {[%clk 00:15:53]} {[%emt 00:00:26]} 54. Rh2
{[%clk 00:23:58]} {[%emt 00:00:25]} g5 {[%clk 00:15:29]} {[%emt 00:00:54]} 55.
Kg3 {[%clk 00:23:03]} {[%emt 00:01:25]} g4 {[%clk 00:14:36]} {[%emt 00:01:23]}
56. Rf2 {[%clk 00:13:03]} {[%emt 00:10:30]} gxf3 {[%clk 00:13:20]} {[%emt
00:01:46]} 57. Rxf3+ {[%clk 00:12:36]} {[%emt 00:00:57]} Ke8 {[%clk 00:13:40]}
{[%emt 00:00:09]} 58. Rf2 {[%clk 00:11:00]} {[%emt 00:02:06]} b3 {[%clk
00:12:51]} {[%emt 00:01:19]} 59. Rh2 {[%clk 00:08:07]} {[%emt 00:03:24]} Qxe4
{[%clk 00:13:00]} {[%emt 00:00:20]} 60. Rf2 {[%clk 00:07:35]} {[%emt 00:01:02]}
Qd3+ {[%clk 00:09:09]} {[%emt 00:04:21]} 61. Kh2 {[%clk 00:07:48]} {[%emt
00:00:18]} Bg4 {[%clk 00:08:42]} {[%emt 00:00:57]} 62. Ng3 {[%clk 00:04:33]}
{[%emt 00:03:44]} e4 {[%clk 00:07:28]} {[%emt 00:01:45]} 63. Rd2 {[%clk
00:02:32]} {[%emt 00:02:31]} Qb1 {[%clk 00:07:11]} {[%emt 00:00:46]} 64. Rd4
{[%clk 00:01:46]} {[%emt 00:01:16]} Qc2+ {[%clk 00:05:20]} {[%emt 00:02:21]} 65.
Bd2 {[%clk 00:02:01]} {[%emt 00:00:15]} e3 {[%clk 00:05:04]} {[%emt 00:00:47]}
66. Re4+ {[%clk 00:02:18]} {[%emt 00:00:13]} Kd8 {[%clk 00:05:12]} {[%emt
00:00:21]} 0-1

[Event "European Women's Chess Club Cup 2023"]
[Site "Durres, Albania"]
[Date "2023.10.07"]
[Round "7.5"]
[White "Batsiashvili, Nino"]
[Black "Khotenashvili, Bella"]
[Result "1/2-1/2"]
[TimeControl "90' + 30' & 30\""]
[WhiteElo "2475"]
[BlackElo "2483"]

1. c4 {[%clk 01:30:58]} Nf6 {[%clk 01:30:17]} {[%emt 00:00:45]} 2. Nc3 {[%clk
01:31:17]} {[%emt 00:00:11]} c5 {[%clk 01:30:29]} {[%emt 00:00:18]} 3. Nf3
{[%clk 01:31:39]} {[%emt 00:00:08]} Nc6 {[%clk 01:30:49]} {[%emt 00:00:09]} 4.
d4 {[%clk 01:31:57]} {[%emt 00:00:12]} cxd4 {[%clk 01:31:04]} {[%emt 00:00:16]}
5. Nxd4 {[%clk 01:32:22]} {[%emt 00:00:05]} g6 {[%clk 01:31:19]} {[%emt
00:00:15]} 6. e4 {[%clk 01:32:28]} {[%emt 00:00:23]} d6 {[%clk 01:31:43]}
{[%emt 00:00:06]} 7. Be2 {[%clk 01:32:36]} {[%emt 00:00:21]} Nxd4 {[%clk
01:32:05]} {[%emt 00:00:09]} 8. Qxd4 {[%clk 01:33:01]} {[%emt 00:00:05]} Bg7
{[%clk 01:32:31]} {[%emt 00:00:04]} 9. Be3 {[%clk 01:24:16]} {[%emt 00:09:14]}
O-O {[%clk 01:32:38]} {[%emt 00:00:24]} 10. Qd2 {[%clk 01:24:45]} {[%emt
00:00:01]} a5 {[%clk 01:32:45]} {[%emt 00:00:23]} 11. Rd1 {[%clk 01:13:33]}
{[%emt 00:11:42]} a4 {[%clk 01:32:40]} {[%emt 00:00:35]} 12. c5 {[%clk
01:13:56]} {[%emt 00:00:08]} Qa5 {[%clk 01:25:36]} {[%emt 00:07:34]} 13. cxd6
{[%clk 01:13:01]} {[%emt 00:01:24]} exd6 {[%clk 01:25:33]} {[%emt 00:00:33]} 14.
O-O {[%clk 01:10:04]} {[%emt 00:03:27]} a3 {[%clk 01:04:49]} {[%emt 00:21:13]}
15. bxa3 {[%clk 00:59:32]} {[%emt 00:11:03]} Be6 {[%clk 00:55:22]} {[%emt
00:09:57]} 16. Bd4 {[%clk 00:46:50]} {[%emt 00:13:12]} Qxa3 {[%clk 00:40:47]}
{[%emt 00:15:05]} 17. Nb5 {[%clk 00:43:58]} {[%emt 00:03:22]} Qxa2 {[%clk
00:36:31]} {[%emt 00:04:46]} 18. Nxd6 {[%clk 00:44:20]} {[%emt 00:00:08]} Rfd8
{[%clk 00:23:36]} {[%emt 00:13:25]} 19. e5 {[%clk 00:40:40]} {[%emt 00:04:10]}
Ng4 {[%clk 00:19:41]} {[%emt 00:04:25]} 20. Qxa2 {[%clk 00:30:56]} {[%emt
00:10:13]} Rxa2 {[%clk 00:19:53]} {[%emt 00:00:19]} 21. Bxg4 {[%clk 00:29:50]}
{[%emt 00:01:35]} Bxg4 {[%clk 00:20:21]} {[%emt 00:00:03]} 22. f3 {[%clk
00:29:49]} {[%emt 00:00:30]} Be6 {[%clk 00:17:15]} {[%emt 00:03:36]} 23. Nxb7
{[%clk 00:26:26]} {[%emt 00:03:54]} Rd5 {[%clk 00:15:48]} {[%emt 00:01:56]} 24.
Ba1 {[%clk 00:20:15]} {[%emt 00:06:42]} Re2 {[%clk 00:08:52]} {[%emt 00:07:25]}
25. Rxd5 {[%clk 00:13:29]} {[%emt 00:07:17]} Bxd5 {[%clk 00:09:20]} {[%emt
00:00:02]} 26. Nc5 {[%clk 00:13:53]} {[%emt 00:00:05]} Bxe5 {[%clk 00:07:47]}
{[%emt 00:02:03]} 27. Bxe5 {[%clk 00:14:06]} {[%emt 00:00:17]} Rxe5 {[%clk
00:08:15]} {[%emt 00:00:01]} 28. Nd3 {[%clk 00:14:24]} {[%emt 00:00:12]} Re2
{[%clk 00:07:32]} {[%emt 00:01:14]} 29. Nf4 {[%clk 00:14:44]} {[%emt 00:00:10]}
Rd2 {[%clk 00:07:59]} {[%emt 00:00:04]} 30. Nxd5 {[%clk 00:15:10]} {[%emt
00:00:04]} Rxd5 {[%clk 00:08:24]} {[%emt 00:00:05]} 1/2-1/2

[Event "European Women's Chess Club Cup 2023"]
[Site "Durres, Albania"]
[Date "2023.10.07"]
[Round "7.6"]
[White "Salimova, Nurgyul"]
[Black "Wagner, Dinara"]
[Result "0-1"]
[TimeControl "90' + 30' & 30\""]
[WhiteElo "2424"]
[BlackElo "2461"]

1. d4 {[%clk 01:30:53]} {[%emt 00:00:06]} Nf6 {[%clk 01:30:56]} {[%emt
00:00:04]} 2. Nf3 {[%clk 01:31:15]} {[%emt 00:00:08]} d5 {[%clk 01:31:21]}
{[%emt 00:00:05]} 3. c4 {[%clk 01:31:39]} {[%emt 00:00:06]} e6 {[%clk
01:31:43]} {[%emt 00:00:08]} 4. cxd5 {[%clk 01:32:04]} {[%emt 00:00:05]} exd5
{[%clk 01:32:06]} {[%emt 00:00:06]} 5. Nc3 {[%clk 01:32:27]} {[%emt 00:00:08]}
Bb4 {[%clk 01:32:13]} {[%emt 00:00:22]} 6. Bg5 {[%clk 01:32:48]} {[%emt
00:00:10]} h6 {[%clk 01:32:15]} {[%emt 00:00:29]} 7. Bxf6 {[%clk 01:32:52]}
{[%emt 00:00:26]} Qxf6 {[%clk 01:32:40]} {[%emt 00:00:04]} 8. Rc1 {[%clk
01:33:16]} {[%emt 00:00:06]} Qd6 {[%clk 01:01:39]} {[%emt 00:31:32]} 9. e3
{[%clk 01:32:53]} {[%emt 00:00:52]} O-O {[%clk 00:58:25]} {[%emt 00:03:44]} 10.
a3 {[%clk 01:31:17]} {[%emt 00:02:06]} Ba5 {[%clk 00:58:36]} {[%emt 00:00:20]}
11. Bd3 {[%clk 01:27:12]} {[%emt 00:04:34]} c6 {[%clk 00:56:19]} {[%emt
00:02:47]} 12. Bb1 {[%clk 01:27:19]} {[%emt 00:00:23]} Nd7 {[%clk 00:40:14]}
{[%emt 00:16:35]} 13. Qc2 {[%clk 01:26:49]} {[%emt 00:00:59]} Nf6 {[%clk
00:40:38]} {[%emt 00:00:07]} 14. O-O {[%clk 01:26:19]} {[%emt 00:01:00]} g6
{[%clk 00:39:14]} {[%emt 00:01:54]} 15. Qd2 {[%clk 01:21:54]} {[%emt 00:04:55]}
Bxc3 {[%clk 00:16:10]} {[%emt 00:23:35]} 16. Rxc3 {[%clk 01:20:46]} {[%emt
00:01:37]} Ne4 {[%clk 00:16:12]} {[%emt 00:00:29]} 17. Bxe4 {[%clk 01:21:08]}
{[%emt 00:00:07]} dxe4 {[%clk 00:16:41]} {[%emt 00:00:02]} 18. Ne5 {[%clk
01:21:00]} {[%emt 00:00:37]} Be6 {[%clk 00:15:32]} {[%emt 00:01:40]} 19. Rfc1
{[%clk 01:08:34]} {[%emt 00:12:56]} Bd5 {[%clk 00:15:58]} {[%emt 00:00:03]} 20.
Qc2 {[%clk 01:08:28]} {[%emt 00:00:36]} Kg7 {[%clk 00:16:10]} {[%emt 00:00:19]}
21. f3 {[%clk 00:58:54]} {[%emt 00:10:04]} exf3 {[%clk 00:15:56]} {[%emt
00:00:44]} 22. e4 {[%clk 00:56:46]} {[%emt 00:02:37]} Be6 {[%clk 00:12:35]}
{[%emt 00:03:51]} 23. Nxf3 {[%clk 00:53:19]} {[%emt 00:03:57]} Bg4 {[%clk
00:13:02]} {[%emt 00:00:03]} 24. Qf2 {[%clk 00:52:24]} {[%emt 00:01:25]} Rad8
{[%clk 00:11:19]} {[%emt 00:02:13]} 25. Ne5 {[%clk 00:50:40]} {[%emt 00:02:14]}
Be6 {[%clk 00:11:45]} {[%emt 00:00:04]} 26. Rd3 {[%clk 00:50:26]} {[%emt
00:00:44]} f5 {[%clk 00:08:45]} {[%emt 00:03:31]} 27. Qg3 {[%clk 00:49:10]}
{[%emt 00:01:45]} Rf6 {[%clk 00:05:20]} {[%emt 00:03:56]} 28. Rf1 {[%clk
00:42:08]} {[%emt 00:07:31]} c5 {[%clk 00:02:42]} {[%emt 00:03:09]} 29. exf5
{[%clk 00:30:53]} {[%emt 00:11:45]} Bxf5 {[%clk 00:03:01]} {[%emt 00:00:11]} 30.
Rdf3 {[%clk 00:30:57]} {[%emt 00:00:25]} Qxd4+ {[%clk 00:01:43]} {[%emt
00:01:48]} 31. Kh1 {[%clk 00:31:09]} {[%emt 00:03:27]} Kh7 {[%clk 00:02:02]}
{[%emt 00:00:11]} 32. h4 {[%clk 00:08:31]} {[%emt 00:23:07]} Re8 {[%clk
00:02:30]} {[%emt 00:00:03]} 33. Ng4 {[%clk 00:05:43]} {[%emt 00:03:18]} Rfe6
{[%clk 00:02:57]} {[%emt 00:00:03]} 34. Rf4 {[%clk 00:05:17]} {[%emt 00:00:56]}
Qd6 {[%clk 00:02:02]} {[%emt 00:01:24]} 35. Qc3 {[%clk 00:01:02]} {[%emt
00:04:45]} h5 {[%clk 00:01:30]} {[%emt 00:01:02]} 36. Nh2 {[%clk 00:01:17]}
{[%emt 00:00:14]} Qe5 {[%clk 00:00:34]} {[%emt 00:01:27]} 37. Qb3 {[%clk
00:00:57]} {[%emt 00:00:50]} Qc7 {[%clk 00:00:32]} {[%emt 00:00:32]} 38. Nf3
{[%clk 00:01:00]} {[%emt 00:00:27]} Re3 {[%clk 00:00:40]} {[%emt 00:00:22]} 39.
Ng5+ {[%clk 00:01:14]} {[%emt 00:00:16]} Kg7 {[%clk 00:00:38]} {[%emt
00:00:32]} 40. Qc4 {[%clk 00:01:16]} {[%emt 00:00:28]} Re1 {[%clk 00:00:35]}
{[%emt 00:00:33]} 41. Qc3+ {[%clk 00:00:46]} {[%emt 00:01:00]} Qe5 {[%clk
00:27:47]} {[%emt 00:03:18]} 42. Qc4 {[%clk 00:27:27]} {[%emt 00:03:49]} Re7
{[%clk 00:22:37]} {[%emt 00:05:40]} 43. Rxe1 {[%clk 00:19:18]} {[%emt
00:08:39]} Qxe1+ {[%clk 00:22:56]} {[%emt 00:00:11]} 44. Rf1 {[%clk 00:19:34]}
{[%emt 00:00:14]} b5 {[%clk 00:19:52]} {[%emt 00:03:34]} 45. Qf4 {[%clk
00:19:01]} {[%emt 00:01:03]} Qe5 {[%clk 00:20:09]} {[%emt 00:00:12]} 46. Qf3
{[%clk 00:14:44]} {[%emt 00:04:47]} Qxb2 {[%clk 00:17:03]} {[%emt 00:03:37]} 47.
Qc6 {[%clk 00:12:41]} {[%emt 00:02:33]} Qxa3 {[%clk 00:15:51]} {[%emt
00:01:42]} 48. Qd6 {[%clk 00:11:20]} {[%emt 00:01:50]} Qe3 {[%clk 00:15:57]}
{[%emt 00:00:24]} 49. Nf3 {[%clk 00:11:30]} {[%emt 00:00:21]} Rd7 {[%clk
00:11:46]} {[%emt 00:04:41]} 50. Qa6 {[%clk 00:11:54]} {[%emt 00:00:06]} b4
{[%clk 00:09:44]} {[%emt 00:02:32]} 51. Re1 {[%clk 00:12:13]} {[%emt 00:00:10]}
Qc3 {[%clk 00:10:04]} {[%emt 00:00:11]} 52. Kh2 {[%clk 00:10:37]} {[%emt
00:02:07]} Qf6 {[%clk 00:09:21]} {[%emt 00:01:12]} 53. Qc4 {[%clk 00:10:44]}
{[%emt 00:00:22]} Rd4 {[%clk 00:07:14]} {[%emt 00:02:38]} 54. Qxc5 {[%clk
00:11:03]} {[%emt 00:00:11]} Qd6+ {[%clk 00:06:58]} {[%emt 00:00:46]} 55. Qxd6
{[%clk 00:11:27]} {[%emt 00:00:06]} Rxd6 {[%clk 00:07:26]} {[%emt 00:00:01]} 56.
Re7+ {[%clk 00:11:52]} {[%emt 00:00:06]} Kf6 {[%clk 00:07:13]} {[%emt
00:00:44]} 57. Rxa7 {[%clk 00:12:16]} {[%emt 00:00:05]} Rb6 {[%clk 00:07:41]}
{[%emt 00:00:02]} 58. Ra2 {[%clk 00:12:26]} {[%emt 00:00:19]} b3 {[%clk
00:07:37]} {[%emt 00:00:35]} 59. Rb2 {[%clk 00:12:53]} {[%emt 00:00:04]} Be4
{[%clk 00:06:53]} {[%emt 00:01:13]} 60. Nd4 {[%clk 00:12:56]} {[%emt 00:00:28]}
Bd5 {[%clk 00:07:17]} {[%emt 00:00:06]} 61. Kg3 {[%clk 00:13:17]} {[%emt
00:00:09]} Ke5 {[%clk 00:07:23]} {[%emt 00:00:23]} 62. Ne2 {[%clk 00:13:38]}
{[%emt 00:00:09]} Bc4 {[%clk 00:07:32]} {[%emt 00:00:21]} 63. Kf3 {[%clk
00:14:00]} {[%emt 00:00:08]} Bxe2+ {[%clk 00:07:15]} {[%emt 00:00:48]} 64. Kxe2
{[%clk 00:14:26]} {[%emt 00:00:03]} Kf4 {[%clk 00:07:44]} 65. Kf2 {[%clk
00:14:33]} {[%emt 00:00:24]} Kg4 {[%clk 00:08:11]} {[%emt 00:00:02]} 66. g3
{[%clk 00:14:59]} {[%emt 00:00:04]} Rf6+ {[%clk 00:08:37]} {[%emt 00:00:03]} 67.
Kg2 {[%clk 00:14:58]} {[%emt 00:00:32]} Rf3 {[%clk 00:08:59]} {[%emt 00:00:08]}
0-1